| 000 | 01216 a2200373 4500 | ||
|---|---|---|---|
| 005 | 20260421140616.0 | ||
| 020 | _a9780840028549 (Student ed.) | ||
| 020 | _a0840028547 (Student ed.) | ||
| 020 | _a9781133309338 (Looseleaf ed.) | ||
| 020 | _a13330933X (Looseleaf ed.) | ||
| 050 | 0 | 0 |
_aBF637 _bCOR 2013 |
| 100 | 1 |
_aCorey, Gerald. _eauthor |
|
| 245 | 1 | 0 |
_aTheory and practice of counseling and psychotherapy / _cGerald Corey. |
| 250 | _aNineth edition., Student edition. | ||
| 264 |
_aBelmont : _bBooks/Cole, Cengage Learning, _c2013. |
||
| 300 |
_axix, 534 pages. : _billustrations. ; |
||
| 336 |
_2rdacontent _atext _btxt |
||
| 337 |
_2rdamedia _aunmediated _bn |
||
| 338 |
_2rdacarrier _avolume _bnc |
||
| 500 | _aBooks/Cole | ||
| 504 | _aIncludes bibliographical references and index. | ||
| 505 | _a. | ||
| 520 | _a. | ||
| 650 | 0 | _aCounseling. | |
| 650 | 0 | _aCounseling psychologist and client. | |
| 650 | 0 | _aCross-cultural counseling. | |
| 650 | 0 | _aPsychotherapy. | |
| 650 | 0 | _aAnalogy. | |
| 650 | 0 | _aBiological control systems. | |
| 650 | 0 | _aEmotion-focused therapy. | |
| 650 | 0 | _aBody-mind centering. | |
| 710 | 2 | _aCalifornia State University. | |
| 942 |
_2lcc _cBK _e9th ed. _h637 _iCOR _kBF |
||
| 999 |
_c10099 _d10099 |
||